Central Library OPAC University of Rajshahi

বিজ্ঞানের প্রাণধারা / (Record no. 55370)

MARC details
000 -LEADER
fixed length control field 00955nam a2200229 a 4500
001 - CONTROL NUMBER
control field 55370
003 - CONTROL NUMBER IDENTIFIER
rucl marc code BD-RjUL
005 - DATE AND TIME OF LATEST TRANSACTION
control field 20211209080245.0
008 - FIXED-LENGTH DATA ELEMENTS--GENERAL INFORMATION
fixed length control field 161116s1963 bg ||||| |||| 00| 0 ben d
035 ## - SYSTEM CONTROL NUMBER
System control number (BD-RjUL)55492
040 ## - CATALOGING SOURCE
Original cataloging agency BD-RjUL
Language of cataloging ben
Transcribing agency BD-RjUL
Modifying agency BD-RjUL
041 ## - LANGUAGE CODE
Language code of text/sound track or separate title ben
082 ## - DEWEY DECIMAL CLASSIFICATION NUMBER
Edition number 23
Classification number 509
Author mark and year SAB 1963
100 ## - MAIN ENTRY--PERSONAL NAME
Personal name সারটন, জর্জ
9 (RLIN) 123634
245 10 - TITLE STATEMENT
Title বিজ্ঞানের প্রাণধারা /
Statement of responsibility, etc. মূল : জর্জ সারটন, তরজমা : মুয়ায্‌যম হুসায়ন খান
260 ## - PUBLICATION, DISTRIBUTION, ETC. (IMPRINT)
Place of publication, distribution, etc. ঢাকা :
Name of publisher, distributor, etc. নওরোজ কিতাবিস্তান,
Date of publication, distribution, etc. ১৯৬৩.
300 ## - PHYSICAL DESCRIPTION
Pagination ২৩০ পৃ. ;
Size ২৩ সেমি.
650 ## - SUBJECT ADDED ENTRY--TOPICAL TERM
Topical term or geographic name as entry element বিজ্ঞান
Form subdivision ইতিহাস
9 (RLIN) 164939
Topical term or geographic name as entry element Science
Form subdivision History
9 (RLIN) 117677
700 ## - ADDED ENTRY--PERSONAL NAME
Personal name খান, মুয়ায্‌যম হুসায়ন
Fuller form of name তরজমা :
942 ## - ADDED ENTRY ELEMENTS (KOHA)
Source of classification or shelving scheme Dewey Decimal Classification
Koha item type Books
Holdings
Lost status Source of classification or shelving scheme Damaged status Not for loan Collection code Permanent Location Current Location Shelving location Date acquired Source of acquisition Cost, normal purchase price Total Checkouts Full call number Date last seen Copy number Koha item type
  Dewey Decimal Classification     Non-fiction Central Library, University of Rajshahi Central Library, University of Rajshahi   03/01/1967 N/A 5.00   B 509 SAB 1963 16/11/2016 C-2 Books
  Dewey Decimal Classification     Non-fiction Central Library, University of Rajshahi Central Library, University of Rajshahi   03/01/1967 N/A 5.00   B 509 SAB 1963 29/11/2016 C-3 Books